000 00855nam a2200265 i 4500
001 16556
003 ES-MaACL
005 20250605114219.0
007 t|
008 001017s1995 sp c |||| | spa j
020 _a84-7517-437-X
080 _a840-14"19"
100 1 _aChar, René.
_938053
245 1 3 _aEl desnudo perdido
_b= (Le nu perdu) /
_cRené Char ; prólogo de Albert Camus ; traducción y notas de Jorge Riechmann.
250 _aEd. bilingüe.
260 _aMadrid :
_bHiperión,
_c[1995]
300 _a187 p. :
_b1 retr. ;
_c20 cm.
490 1 _aPoesía Hiperión ;
_v243
546 _aTexto en francés y traducción en español.
700 1 _aRiechmann, Jorge.
_997073
700 1 _aCamus, Albert,
_d1913-1960
_9240798
830 0 _aPoesía Hiperión ;
_v243
_9177326
852 _aES-MaACL
_jL-23723
999 _c16556
_d16556